Curs bàsic de prevenció i extinció d'incendis forestals per a voluntaris : pla de formació bàsica pla de formació bàsica
Publicado:
Barcelona :
Diputació de Barcelona. Oficina Tècnica de Prevenció Municipal d'Incendis Forestals ,
1998
Descripción Física:
2 vols. ; 111 p. i 15 p. : il. ; 30 cm
Materias:
Incendis forestals -- Catalunya
MARC
| LEADER | 00000nam a2200000Ia 4500 | ||
|---|---|---|---|
| 001 | 17820 | ||
| 008 | 160829s1998 xx 000 0 cat d | ||
| 017 | |a B 41308-1998 |i quadern de pràctiques | ||
| 080 | |a C-2-447 | ||
| 245 | |a Curs bàsic de prevenció i extinció d'incendis forestals per a voluntaris : |b pla de formació bàsica | ||
| 250 | |a 1a reimp. | ||
| 260 | |a Barcelona : |b Diputació de Barcelona. Oficina Tècnica de Prevenció Municipal d'Incendis Forestals, |c 1998 | ||
| 300 | |a 2 vols. ; 111 p. i 15 p. : |b il. ; |c 30 cm | ||
| 590 | |a Reimprès l'any 2000 | ||
| 650 | 0 | |a Incendis forestals |x Catalunya |9 30778 | |
| 710 | |a Barcelona (Catalunya : Província). |b Oficina Tècnica de Prevenció Municipal d'Incendis Forestals |9 9456 | ||
| 901 | |a Arxiu | ||
| 942 | |n 1 |2 udc | ||
| 952 | |0 0 |1 0 |4 0 |6 C2447 |7 1 |9 48007 |a Arxiu |b Arxiu |d 2016-12-01 |l 0 |o C-2-447 |p 17820 |r 2016-12-01 00:00:00 |w 2016-12-01 |y ARXIU | ||
| 952 | |0 0 |1 0 |2 udc |4 0 |7 1 |9 66225 |a Arxiu |b Arxiu |d 2023-05-02 |o FU-75-33 |p 27785 |r 2023-05-02 00:00:00 |w 2023-05-02 |y ARXIU |z Quadern de pràctiques | ||
| 999 | |c 51808 |d 51808 | ||